01177nam a2200241 a 450000100060000000300090000600800410001504000280005608200180008410000430010224500750014526000370022030000070025749000200026450502460028459001120053065000340064265000320067665000450070894200120075399900170076595201530078222560CO-ViMGA141112s2004 ck r 000 u spa d aCO-ViMGAbspacCO-ViMGA04a748.502 L663d1 aLopez Santacruz, Maria Victoria93206010aDecoración de vidrio : bProyectos paso a paso para decorar su hogar aBarcelona : bParramón, c2001 a80 aManos creativas aProcedimientos y materiales : Limpieza, cortar vidrio, aplicacion de pinturas y relieves 6 - 14 - - Proyectos : Colgantes de vidrio, copa de vidrio, tarro de cocina, posavasos, portafotos, portavelas, portacartas, larron envelecido 19 - 76  aForma de adquisición : Compra - - Precio : 78000 - - Proveedor : Dismet - - Fecha de adquisición : 200814aDECORACIóN EN VIDRIO93206114aPINTURA SOBRE VIDRIO93206214aPINTURA SOBRE VIDRIO - TECNICÁS932063 2ddccBK c30861d30861 00102ddc40708003aMEVIECARbMEVIECARd2015-12-04hVolumen. 1 | 11/jun/2009l0o748.502 L663d p22560r2015-12-04 00:00:00tEj. 1w2015-12-04yBK